Orthopedic research and reviews

Bibliographic Details
Format: Electronic Journal
Language:English
Published: [Auckland, N.Z.] : Dove Medical Press, ©2009-
Subjects:
Online Access:Full text available from Research Library: 01/01/2009 to present

MARC

LEADER 00000nas a2200000 a 4500
001 ssj0000392937
003 WaSeSS
005 20200512172242.0
006 m d
007 cr n
008 081121c20099999nz x p s 0 a0eng c
010 |a  2010247838 
016 7 |a 997565217  |2 DE-101 
016 7 |a 2520718-0  |2 DE-600 
016 7 |a 101531415  |2 DNLM 
016 7 |a Orthop Res Rev  |2 DNLM 
022 |a 1179-1462  |l 1179-1462 
035 |a (WaSeSS)ssj0000392937 
040 |a NZ1  |b eng  |c NZ1  |d OCLCQ  |d PFM  |d DEBBG  |d GWDNB  |d CUS  |d OCLCQ  |d OCLCF  |d CUS  |d OCLCO  |d EUW  |d OCLCO  |d NLM  |d OCLCO  |d OCLCQ  |d NLM  |d OCLCO  |d OCLCQ  |d OCLCO  |d WT2  |d OCLCO  |d OCLCQ  |d OCLCA  |d OCLCQ  |d AU@  |d OCLCA  |d CASUM  |d OCLCQ  |d WaSeSS 
042 |a pcc 
050 1 4 |a RD701 
060 0 0 |a W1 
082 0 4 |a 616.7  |2 22 
210 1 |a Orthop. res. rev. 
210 1 0 |a Orthop Res Rev  |2 dnlm 
222 0 |a Orthopedic research and reviews 
245 0 0 |a Orthopedic research and reviews  |h [electronic resource]. 
260 |a [Auckland, N.Z.] :  |b Dove Medical Press,  |c ©2009- 
310 |a Irregular 
362 1 |a Began with vol. 1 (2009). 
506 |a License restrictions may limit access. 
515 |a Articles added irregularly during the year and collected into annual issues. 
588 0 |a Vol. 1 (2009); title from journal home page (publisher's Web site, viewed Nov. 9, 2010). 
588 1 |a 2015:7 (viewed Nov. 25, 2015). 
650 0 |a Orthopedics  |v Periodicals. 
650 1 2 |a Orthopedics. 
650 2 2 |a Orthopedic Procedures. 
650 7 |a Orthopedics.  |2 fast  |0 (OCoLC)fst01048565 
655 0 |a Electronic journals. 
856 4 0 |z Full text available from Research Library: 01/01/2009 to present  |u https://search.proquest.com/publication/3933312